000 00632nam a2200217Ia 4500
005 20250923145037.0
008 008 250917s9999 xx 000 0 eng d
037 _aTextual
040 _aDSWL
_beng
_cDSWL
041 _aeng
_2eng
084 _aY1592.62.N6, K5
_qDSWL
100 _aBarnabaas, A.P.
_9831203
245 0 _aCaste in changing India
_cby A.P. Barnabaas
260 _aNew Delhi
_b Indian Institute of Public Administration
_c1965
300 _a172 p.
365 _aINR
_b4
700 _aS.C. Mehta
_9831204
925 _g4
942 _cTEXL
_hY1592.62.N6, K5
999 _c1446383
_d1446383